000 00903cam a2200241 4500
001 ABS62213
008 000000n2000 000 0 eng u
035 _a(Sirsi) u105528
100 0 _aKelliher, C.F.
245 _aUsing Monte Carlo simulation to improve long-term investment decisions
260 _c2000
490 _aAppraisal Journal
_v86(1) January 2000, 44-56(13)
520 _aDescribes how current software can formally model and analyse many of the risks involved with long term decisions and concludes that Monte Carlo Simulation may be the best solution as it helps to uncover the complex relationships often associated with uncertain inputs.
590 _aABS
650 _aMONTE CARLO SIMULATION
650 _aRISKS
650 0 _aDISCOUNTED CASHFLOW
650 _aMODELS
650 _aINVESTMENT APPRAISAL
690 _aINVESTMENT
700 _aMahoney, L.S.
942 _n0
999 _c63228
_d63228